Методы развития креативности персонала компании; Экономика России в XXI веке; Т. 1

Бібліографічні деталі
Parent link:Экономика России в XXI веке: сборник научных трудов XII Международной научно-практической конференции "Экономические науки и прикладные исследования", г. Томск, 17-21 ноября 2015 г./ Национальный исследовательский Томский политехнический университет (ТПУ) ; ред. кол. Г. А. Барышева [и др.].— , 2015
Т. 1.— 2015.— [С. 501-504]
Автор: Барчук А. Д.
Співавтор: Национальный исследовательский Томский политехнический университет (ТПУ) Институт социально-гуманитарных технологий (ИСГТ) Кафедра экономики (ЭКОН)
Інші автори: Борисова Л. М. Людмила Михайловна (научный руководитель)
Резюме:Заглавие с титульного экрана
Статья посвящена рассмотрению перспективных и альтернативных методов повышения креативности персонала современной организации. Раскрывается значение потребности в обучении персонала как получения возможности противостоять социально-экономическим вызовам.
Мова:Російська
Опубліковано: 2015
Серія:Современные тенденции развития бухгалтерского, управленческого и финансового учета в России
Предмети:
Онлайн доступ:http://earchive.tpu.ru/handle/11683/15525
http://www.lib.tpu.ru/fulltext/c/2015/C40/V1/094.pdf
Формат: MixedMaterials Електронний ресурс Частина з книги
KOHA link:https://koha.lib.tpu.ru/cgi-bin/koha/opac-detail.pl?biblionumber=616812

MARC

LEADER 00000naa2a2200000 4500
001 616812
005 20231101132928.0
035 |a (RuTPU)RU\TPU\conf\15068 
035 |a RU\TPU\conf\15067 
090 |a 616812 
100 |a 20160122d2015 k y0rusy50 ca 
101 0 |a rus 
102 |a RU 
105 |a y z 101zy 
135 |a drgn ---uucaa 
181 0 |a i  
182 0 |a b 
200 1 |a Методы развития креативности персонала компании  |f А. Д. Барчук  |g науч. рук. Л. М. Борисова 
203 |a Текст  |c электронный 
225 1 |a Современные тенденции развития бухгалтерского, управленческого и финансового учета в России 
230 |a 1 компьютерный файл (pdf; 373 Kb) 
300 |a Заглавие с титульного экрана 
320 |a [Библиогр.: с. 504 (5 назв.)] 
330 |a Статья посвящена рассмотрению перспективных и альтернативных методов повышения креативности персонала современной организации. Раскрывается значение потребности в обучении персонала как получения возможности противостоять социально-экономическим вызовам. 
337 |a Adobe Reader 
461 1 |0 (RuTPU)RU\TPU\conf\14421  |t Экономика России в XXI веке  |o сборник научных трудов XII Международной научно-практической конференции "Экономические науки и прикладные исследования", г. Томск, 17-21 ноября 2015 г.  |o в 2 т.  |f Национальный исследовательский Томский политехнический университет (ТПУ) ; ред. кол. Г. А. Барышева [и др.]  |d 2015 
463 0 |0 (RuTPU)RU\TPU\conf\14422  |t Т. 1  |v [С. 501-504]  |d 2015 
610 1 |a труды учёных ТПУ 
610 1 |a электронный ресурс 
610 1 |a креативность 
610 1 |a персонал 
610 1 |a компании 
610 1 |a инновационный потенциал 
700 1 |a Барчук  |b А. Д. 
702 1 |a Борисова  |b Л. М.  |c экономист  |c доцент Томского политехнического университета, кандидат экономических наук  |f 1976-  |g Людмила Михайловна  |2 stltpush  |4 727 
712 0 2 |a Национальный исследовательский Томский политехнический университет (ТПУ)  |b Институт социально-гуманитарных технологий (ИСГТ)  |b Кафедра экономики (ЭКОН)  |h 149  |2 stltpush  |3 (RuTPU)RU\TPU\col\18375 
801 2 |a RU  |b 63413507  |c 20210209  |g RCR 
856 4 |u http://earchive.tpu.ru/handle/11683/15525 
856 4 |u http://www.lib.tpu.ru/fulltext/c/2015/C40/V1/094.pdf 
942 |c BK